Nil Hanım’ın Mumya Dersleri (Kayıt no. 647917)

MARC ayrıntıları
000 -LEADER
sabit uzunluktaki kontrol alanı 00252nam a2200097Ia 4500
001 - KONTROL NUMARASI
kontrol alanı 647917
005 - EN SON İŞLEMİN TARİH VE ZAMANI
kontrol alanı 20250826153711.0
008 - SABİT-UZUNLUKTA VERİ ÖĞELERİ--GENEL BİLGİ
sabit uzunluktaki kontrol alanı 250824s9999 xx 000 0 und d
245 #0 - ESER / YAZAR
ESER ADI Nil Hanım’ın Mumya Dersleri
Yazar Adı Alan McDonald
260 ## - YAYIN, DAĞITIM, VB.
YAYIN EVİ BEYAZ BALİNA
Mevcut
Düşüm durumu Kayıp durumu Hasar Durumu Ödünç verilmez Ana kütüphane Geçerli Kütüphane Edinilen tarih Toplam ödünç verme sayısı Barkod Son görüntüleme tarihi Fiyatın geçerli olmaya başladığı tarih Koha materyal türü
        MUSTAFA HOTAMIŞLI İMAM HATİP ORTAOKULU MUSTAFA HOTAMIŞLI İMAM HATİP ORTAOKULU 24.08.2025   1007444 26.08.2025 26.08.2025 Kitaplar
Gemini Bilgi Teknolojileri A.Ş. tarafından düzenlenmiştir.